Biblioteca y Centro de Documentación

El régimen jurídico aplicable al personal de las empresas públicas (Registro nro. 53748)

Detalles MARC
000 -CABECERA
Longitud fija campo de control 02006nam a2200481 c 4500
001 - NÚMERO DE CONTROL
Número de control 53748
003 - IDENTIFICADOR DE NÚMERO DE CONTROL
Identificador del número de control ES-MaCES
005 - FECHA Y HORA DE LA ÚLTIMA TRANSACCIÓN
Fecha y hora de la última transacción 20250618135515.0
008 - CAMPO FIJO DE DESCRIPCIÓN FIJA--INFORMACIÓN GENERAL
Códigos de información de longitud fija   250618s2022 sp 010 | spa d
017 ## - NÚMERO DE REGISTRO DE DERECHOS DE AUTOR Y DEPÓSITO LEGAL
Número de copyright o de depósito legal M 29298-2022
Agencia que asigna el número DL
020 ## - ISBN (INTERNATIONAL STANDARD BOOK NUMBER)
Número Internacional Normalizado para Libros (ISBN) 9788418433597
040 ## - FUENTE DE CATALOGACIÓN
Centro catalogador de origen ES-MaCES
Lengua de catalogación spa
Centro transcriptor ES-MaCES
100 1# - ENCABEZAMIENTO PRINCIPAL--NOMBRE PERSONAL
9 (RLIN) 41390
Nombre de persona Esteban Miguel, Alfonso
245 13 - MENCIÓN DE TÍTULO
Título El régimen jurídico aplicable al personal de las empresas públicas
Resto del título : entre el Derecho del trabajo y el Derecho administrativo
Mención de responsabilidad, etc. Alfonso Esteban Miguel ; presentación, M.ª Emilia Casa Baamonde ; pr. Ana de la Puebla Pinilla, María de Sande Pérez-Bedmar
250 ## - MENCIÓN DE EDICIÓN
Mención de edición 1ª ed
260 ## - PUBLICACIÓN, DISTRIBUCIÓN, ETC (PIE DE IMPRENTA)
Lugar de publicación, distribución, etc. Madrid
Nombre del editor, distribuidor, etc. Cinca
Fecha de publicación, distribución, etc. 2023
300 ## - DESCRIPCIÓN FÍSICA
Extensión 238 p.
Dimensiones 24 cm
490 0# - MENCIÓN DE SERIE
Mención de serie Colección estudios laborales
Designación de volumen o secuencia 40
490 0# - MENCIÓN DE SERIE
Mención de serie Premio Tesis Doctoral AEDTSS
Designación de volumen o secuencia 2023
500 ## - NOTA GENERAL
Nota general Premio Tesis Doctoral 2022 de la Asociación Española de Derecho del Trabajo y de la Seguridad Social (AEDTSS)
504 ## - NOTA DE BIBLIOGRAFÍA, ETC.
Nota de bibliografía, etc. Bibliografía: p. 227-238
541 ## - NOTA DE LA FUENTE INMEDIANTE DE ADQUISICIÓN
Forma de adquisición Gratuito
650 #4 - ASIENTO SECUNDARIO DE MATERIA--TÉRMINO DE MATERIA
Término de materia o nombre geográfico como elemento inicial empresa pública
9 (RLIN) 27148
650 #4 - ASIENTO SECUNDARIO DE MATERIA--TÉRMINO DE MATERIA
Término de materia o nombre geográfico como elemento inicial administración pública
9 (RLIN) 27214
650 #4 - ASIENTO SECUNDARIO DE MATERIA--TÉRMINO DE MATERIA
Término de materia o nombre geográfico como elemento inicial sector público
9 (RLIN) 27150
650 #4 - ASIENTO SECUNDARIO DE MATERIA--TÉRMINO DE MATERIA
Término de materia o nombre geográfico como elemento inicial trabajador
9 (RLIN) 28414
650 #4 - ASIENTO SECUNDARIO DE MATERIA--TÉRMINO DE MATERIA
Término de materia o nombre geográfico como elemento inicial condiciones de trabajo
9 (RLIN) 28327
650 #4 - ASIENTO SECUNDARIO DE MATERIA--TÉRMINO DE MATERIA
Término de materia o nombre geográfico como elemento inicial condiciones de empleo
9 (RLIN) 30040
650 #4 - ASIENTO SECUNDARIO DE MATERIA--TÉRMINO DE MATERIA
Término de materia o nombre geográfico como elemento inicial relaciones laborales
9 (RLIN) 28369
650 #4 - ASIENTO SECUNDARIO DE MATERIA--TÉRMINO DE MATERIA
Término de materia o nombre geográfico como elemento inicial combinación de sector público y privado
9 (RLIN) 30718
650 #4 - ASIENTO SECUNDARIO DE MATERIA--TÉRMINO DE MATERIA
Término de materia o nombre geográfico como elemento inicial derecho del trabajo
9 (RLIN) 27165
650 #4 - ASIENTO SECUNDARIO DE MATERIA--TÉRMINO DE MATERIA
Término de materia o nombre geográfico como elemento inicial derecho administrativo
9 (RLIN) 27155
650 #4 - ASIENTO SECUNDARIO DE MATERIA--TÉRMINO DE MATERIA
Término de materia o nombre geográfico como elemento inicial España
9 (RLIN) 26964
650 #4 - ASIENTO SECUNDARIO DE MATERIA--TÉRMINO DE MATERIA
Término de materia o nombre geográfico como elemento inicial régimen jurídico
9 (RLIN) 29894
653 10 - TÉRMINO DE INDEXACIÓN--NO CONTROLADO
Término no controlado Derecho del trabajo y Seguridad Social
700 1# - ENCABEZAMIENTO SECUNDARIO--NOMBRE PERSONAL
9 (RLIN) 9200
Nombre de persona Casas Baamonde, María Emilia
Término indicativo de función col.
700 1# - ENCABEZAMIENTO SECUNDARIO--NOMBRE PERSONAL
9 (RLIN) 21456
Nombre de persona Puebla Pinilla, Ana de la
Término indicativo de función col.
700 1# - ENCABEZAMIENTO SECUNDARIO--NOMBRE PERSONAL
9 (RLIN) 23377
Nombre de persona Sande Pérez-Bedmar, María de
Término indicativo de función col.
830 #0 - ENCABEZAMIENTO SECUNDARIO DE COLECCIÓN--TÍTULO UNIFORME
Título uniforme Colección Estudios laborales (Ediciones Cinca)
9 (RLIN) 34069
Designación de volumen o secuencia 40
830 #0 - ENCABEZAMIENTO SECUNDARIO DE COLECCIÓN--TÍTULO UNIFORME
Título uniforme Premio Tesis Doctoral (Asociación Española de Derecho del Trabajo y de la Seguridad Social)
9 (RLIN) 41089
Designación de volumen o secuencia 2022
902 ## - CES. TIPO DE DOCUMENTO
Tipodoc (006$c Sirtex) LIB Libro
942 ## - ELEMENTOS KOHA
Fuente de clasificaión o esquema Clasificación propia del CES
Koha [por defecto] tipo de item Monografías
Parte de clasificación Derecho del Trabajo y Seguridad Social
Existencias
Número de registro Signatura completa Tipo de item de Koha
203243 SR-6.0.1.-7 Monografías
© CES, Consejo Económico y Social de España 2021